British Territories Flag Quiz - Statistics

General Stats
  • This quiz has been taken 454 times
  • The average score is 11 of 18
Answer Stats
Picture Answer % Correct
Isle of Man
88%
Gibraltar
86%
Jersey
85%
Bermuda
80%
Falkland Islands
77%
Guernsey
77%
Anguilla
70%
British Virgin Islands
69%
Montserrat
68%
British Indian Ocean Territory
65%
Saint Helena
57%
Cayman Islands
55%
British Antarctic Territory
53%
Turks and Caicos Islands
51%
Pitcairn Islands
48%
South Georgia and the South Sandwich Islands
46%
Ascension Island
38%
Tristan da Cunha
32%
No matching quizzes found
Score Distribution
Percent of People with Each Score
Percentile by Number Answered
Your Score History
You have not taken this quiz